Visualizzazione normale
Vista MARC
- Simposio internacional de teología
di Meeting Name
Records bibliografici associati: 1
001 - CONTROL NUMBER
- control field: 2937
003 - CONTROL NUMBER IDENTIFIER
- control field: IT-RoINE
005 - DATE AND TIME OF LATEST TRANSACTION
- control field: 20190110091108.0
008 - FIXED-LENGTH DATA ELEMENTS
- fixed length control field: 140114|| aca||aabn | a|a d
040 ## - CATALOGING SOURCE
- Original cataloging agency: IT-RoINE
- Transcribing agency: IT-RoINE
111 ## - HEADING--MEETING NAME
- Meeting name or jurisdiction name as entry element: Simposio internacional de teología
- Number of part/section/meeting: (1º.
- Date of meeting: 1979.
- Location of meeting: Pamplona, España)
670 ## - SOURCE DATA FOUND
- Source citation: Work cat.: (IT-RoINE)0: Simposio Internacional de Teología (1o. (1979. Pamplona, España), Ética y teología ante la crisis contemporánea /, 1980.